[Event "Landesliga U20 Nord 1415"]
[Site "Bayern"]
[Date "2014.12.13"]
[Round "3.2"]
[White "Oberhofer, Marc"]
[Black "Mueller, Georg"]
[Result "1-0"]
[WhiteElo "1632"]
[BlackElo "1852"]
[PlyCount "117"]
[EventDate "2014.11.15"]
[EventType "team-tourn"]
[EventRounds "7"]
[EventCountry "GER"]
[SourceTitle "EXT 2022"]
[Source "ChessBase"]
[SourceDate "2021.10.06"]
[SourceVersion "1"]
[SourceVersionDate "2021.10.06"]
[SourceQuality "1"]
[WhiteTeam "Heideck/Hilpoltstein U20"]
[BlackTeam "Klosterlechfeld U20"]
[WhiteTeamCountry "GER"]
[BlackTeamCountry "GER"]

1. e4 e6 2. d4 d5 3. exd5 exd5 4. Nf3 Bd6 5. Bd3 Nc6 6. h3 Nge7 7. 0-0 f6 8. c3 Bf5 9. Bxf5 Nxf5 10. Re1+ Nfe7 11. Be3 Qd7 12. Nbd2 h5 13. c4 dxc4 14. Nxc4 g5 15. d5 Nd8 16. Bd4 Qf5 17. Nxd6+ cxd6 18. Qe2 Rh7 19. Qb5+ Kf8 20. Rad1 b6 21. Bc3 h4 22. Re3 Rc8 23. Nd4 Qg6 24. Qd7 Ra8 25. Qxd6 Nb7 26. Ne6+ Kg8 27. Qb4 Nf5 28. Rf3 Nbd6 29. Bxf6 Qxf6 30. Qxd6 Qg6 31. Qc6 Rb8 32. Nd4 Qxc6 33. Nxc6 Rf8 34. d6 Rd7 35. Re1 Nxd6 36. Rxf8+ Kxf8 37. Ne5 Rc7 38. Nf3 Nf7 39. Kf1 Kg7 40. Ne5 Nd6 41. Nf3 Kf6 42. g4 Rc4 43. Re5 Rf4 44. Re3 Nc4 45. Rb3 Nxb2 46. Nxg5 Nc4 47. Nf3 a5 48. Ke2 Ke6 49. Nxh4 Re4+ 50. Kd3 Kd5 51. Rb5+ Kc6 52. Rxb6+ Kxb6 53. Kxe4 Kc5 54. Kd3 Kb4 55. Ng2 Nb2+ 56. Kc2 Ka3 57. Kb1 Nc4 58. Ne3 Ne5 59. f4 1-0

[Event "SVR-op"]
[Site "Heimbach Weis"]
[Date "2014.04.18"]
[Round "6"]
[White "Mueller, Georg"]
[Black "Mehlem, Sabine"]
[Result "1-0"]
[WhiteElo "1878"]
[BlackElo "1559"]
[PlyCount "65"]
[EventDate "2014.04.11"]
[EventType "swiss"]
[EventRounds "7"]
[EventCountry "GER"]
[SourceTitle "CBM 160 Extra"]
[Source "ChessBase"]
[SourceDate "2014.07.01"]
[SourceVersion "1"]
[SourceVersionDate "2014.07.01"]
[SourceQuality "1"]

1. e4 e6 2. d4 b6 3. Nf3 Bb7 4. Nc3 Bb4 5. Bd3 Bxc3+ 6. bxc3 d6 7. 0-0 Nd7 8. Re1 Qe7 9. a4 a5 10. Qe2 e5 11. Bb5 Ngf6 12. Bg5 h6 13. Bxf6 gxf6 14. Nh4 0-0-0 15. Nf5 Qf8 16. Ba6 Nb8 17. Bxb7+ Kxb7 18. Rab1 Nc6 19. Qb5 Ra8 20. Qd5 Ra6 21. Re3 Qe8 22. Rg3 Rh7 23. Rd1 Ra8 24. Rb1 Ra6 25. c4 Ka7 26. Qb5 Rh8 27. c5 dxc5 28. dxc5 Qa8 29. Rd3 Rc8 30. Rd7 Kb8 31. cxb6 Kb7 32. bxc7+ Ka7 33. Qb8+ 1-0

[Event "SVR-op"]
[Site "Heimbach Weis"]
[Date "2014.04.17"]
[Round "5"]
[White "Teper, Engin"]
[Black "Mueller, Georg"]
[Result "0-1"]
[WhiteElo "1465"]
[BlackElo "1878"]
[PlyCount "32"]
[EventDate "2014.04.11"]
[EventType "swiss"]
[EventRounds "7"]
[EventCountry "GER"]
[SourceTitle "CBM 160 Extra"]
[Source "ChessBase"]
[SourceDate "2014.07.01"]
[SourceVersion "1"]
[SourceVersionDate "2014.07.01"]
[SourceQuality "1"]

1. d4 d5 2. Bf4 Nf6 3. e3 Bf5 4. c4 e6 5. Nc3 c6 6. c5 Be7 7. b4 0-0 8. Nf3 Nbd7 9. h3 Ne4 10. Nxe4 Bxe4 11. Nd2 Bg6 12. b5 e5 13. Bg3 exd4 14. exd4 Bxc5 15. dxc5 Re8+ 16. Be2 Bd3 0-1

[Event "SVR-op"]
[Site "Heimbach Weis"]
[Date "2014.04.13"]
[Round "3"]
[White "Reitz, Philipp"]
[Black "Mueller, Georg"]
[Result "1-0"]
[WhiteElo "1597"]
[BlackElo "1878"]
[PlyCount "69"]
[EventDate "2014.04.11"]
[EventType "swiss"]
[EventRounds "7"]
[EventCountry "GER"]
[SourceTitle "CBM 160 Extra"]
[Source "ChessBase"]
[SourceDate "2014.07.01"]
[SourceVersion "1"]
[SourceVersionDate "2014.07.01"]
[SourceQuality "1"]

1. d4 d5 2. c4 Bf5 3. Nc3 e6 4. Qb3 Nc6 5. e3 Nb4 6. e4 dxe4 7. Be3 Qc8 8. a3 Nd3+ 9. Bxd3 exd3 10. Nf3 Be7 11. 0-0 Nf6 12. Rfd1 Bg4 13. Rxd3 Bxf3 14. gxf3 0-0 15. Bf4 Nh5 16. Bg3 Bd6 17. Ne4 Bf4 18. Kh1 f5 19. Nc3 Rf6 20. Ne2 Bxg3 21. fxg3 Rh6 22. g4 Qe8 23. Rg1 fxg4 24. fxg4 Qg6 25. gxh5 Qe4+ 26. Rg2 Rf8 27. Ng3 Qh4 28. Rf3 Rhf6 29. Rxf6 Rxf6 30. Qd3 Rf4 31. Qe2 Qf6 32. d5 e5 33. h6 g6 34. Kg1 e4 35. Nxe4 1-0

[Event "Bayernliga 1213 U20"]
[Site "Bayern"]
[Date "2013.03.02"]
[Round "7.5"]
[White "Mueller, Georg"]
[Black "Obermeier, Johannes"]
[Result "0-1"]
[WhiteElo "1864"]
[BlackElo "1635"]
[PlyCount "85"]
[EventDate "2012.10.20"]
[EventType "team-tourn"]
[EventRounds "7"]
[EventCountry "GER"]
[SourceTitle "EXT 2020"]
[Source "ChessBase"]
[SourceDate "2019.10.17"]
[SourceVersion "1"]
[SourceVersionDate "2019.10.17"]
[SourceQuality "1"]
[WhiteTeam "Klosterlechfeld U20"]
[BlackTeam "Kelheim SK U20"]
[WhiteTeamCountry "GER"]
[BlackTeamCountry "GER"]

1. d4 d5 2. e3 Nf6 3. Bd3 Nc6 4. f4 Nb4 5. Nf3 Nxd3+ 6. Qxd3 e6 7. Nbd2 c5 8. c3 Be7 9. 0-0 0-0 10. Ne5 Nd7 11. Rf3 Nxe5 12. fxe5 f6 13. exf6 Rxf6 14. e4 cxd4 15. cxd4 Bd7 16. e5 Rxf3 17. gxf3 Qf8 18. Nf1 Rc8 19. Bd2 a6 20. a4 b5 21. b3 Bb4 22. Kf2 Bxd2 23. Qxd2 Qf5 24. Ne3 Qf4 25. Kg2 Rf8 26. Rf1 bxa4 27. bxa4 Bxa4 28. Qc3 Bb5 29. Rf2 Be2 30. Nxd5 Bxf3+ 31. Rxf3 Qg4+ 32. Kf2 Rxf3+ 33. Qxf3 Qxf3+ 34. Kxf3 exd5 35. Ke3 g5 36. Kd3 h5 37. Kc3 g4 38. Kb4 h4 39. Kc5 g3 40. hxg3 hxg3 41. Kd6 g2 42. e6 g1Q 43. Kd7 0-1

[Event "Bayernliga 1213 U20"]
[Site "Bayern"]
[Date "2013.01.19"]
[Round "4.5"]
[White "Castell, Patrick"]
[Black "Mueller, Georg"]
[Result "0-1"]
[WhiteElo "1402"]
[BlackElo "1864"]
[PlyCount "90"]
[EventDate "2012.10.20"]
[EventType "team-tourn"]
[EventRounds "7"]
[EventCountry "GER"]
[SourceTitle "EXT 2020"]
[Source "ChessBase"]
[SourceDate "2019.10.17"]
[SourceVersion "1"]
[SourceVersionDate "2019.10.17"]
[SourceQuality "1"]
[WhiteTeam "Muenchen Suedost U20"]
[BlackTeam "Klosterlechfeld U20"]
[WhiteTeamCountry "GER"]
[BlackTeamCountry "GER"]

1. e4 e6 2. d4 d5 3. exd5 exd5 4. Nc3 Bb4 5. Nf3 Nf6 6. Bg5 Bf5 7. Bd3 Bg6 8. 0-0 0-0 9. Ne5 c6 10. Nxg6 hxg6 11. Ne2 Bd6 12. c3 Bxh2+ 13. Kh1 Bc7 14. Bf4 Ng4 15. g3 Nd7 16. Kg2 f5 17. c4 g5 18. Bxc7 Qxc7 19. Nc3 Nb6 20. Bxf5 Rxf5 21. Qxg4 Qd7 22. Qh5 Nxc4 23. Rh1 Raf8 24. Qh8+ Kf7 25. Qh5+ Ke7 26. Rae1+ Kd8 27. Re2 Nd6 28. Rhe1 R8f7 29. Rf1 g4 30. Qh2 R7f6 31. Rh1 Nf7 32. Qg1 Ng5 33. Qe1 Nh3 34. Rf1 Qf7 35. Nd1 Rf3 36. Re3 Rh6 37. Rh1 b6 38. Rxh3 gxh3+ 39. Kh2 Rxe3 40. Nxe3 g5 41. Ng4 Qf3 42. Ne3 Rf6 43. Kg1 h2+ 44. Kxh2 Rh6+ 45. Kg1 Rh1# 0-1

[Event "Rheinland Pfalz op 4th"]
[Site "Altenkirchen"]
[Date "2012.06.10"]
[Round "7"]
[White "Stoica, Vlad"]
[Black "Mueller, Georg"]
[Result "0-1"]
[WhiteElo "1780"]
[BlackElo "2054"]
[PlyCount "80"]
[EventDate "2012.06.07"]
[EventType "swiss"]
[EventRounds "7"]
[EventCountry "GER"]
[SourceTitle "CBM 148 Extra"]
[Source "ChessBase"]
[SourceDate "2012.06.22"]
[SourceVersion "1"]
[SourceVersionDate "2012.06.22"]
[SourceQuality "1"]

1. e4 e5 2. Nf3 Nc6 3. Bb5 a6 4. Ba4 d6 5. c3 Nf6 6. 0-0 Be7 7. Re1 0-0 8. d4 b5 9. Bb3 Bg4 10. h3 Bxf3 11. Qxf3 exd4 12. Bf4 dxc3 13. Qxc3 Na7 14. Nd2 Nd7 15. Rac1 c5 16. Bd5 Rb8 17. Qg3 Nb6 18. Bb3 Bh4 19. Qg4 Bf6 20. Nf3 Nc6 21. Rcd1 Nd4 22. e5 dxe5 23. Nxe5 Rb7 24. Nc6 Qc8 25. Nxd4 Qxg4 26. hxg4 Bxd4 27. Bd6 Rc8 28. Re4 Rd7 29. Bf4 h6 30. Re2 Rcd8 31. Rdd2 c4 32. Bd1 g5 33. Be3 Bxe3 34. Rxd7 Rxd7 35. Bc2 Bc5 36. Re8+ Kg7 37. Bf5 Rd1+ 38. Kh2 Bd6+ 39. g3 Rd2 40. Kg2 Rxb2 0-1

[Event "Rheinland Pfalz op 4th"]
[Site "Altenkirchen"]
[Date "2012.06.09"]
[Round "5"]
[White "Lutz, Bernhard"]
[Black "Mueller, Georg"]
[Result "1-0"]
[WhiteElo "2289"]
[BlackElo "2054"]
[PlyCount "49"]
[EventDate "2012.06.07"]
[EventType "swiss"]
[EventRounds "7"]
[EventCountry "GER"]
[SourceTitle "CBM 148 Extra"]
[Source "ChessBase"]
[SourceDate "2012.06.22"]
[SourceVersion "1"]
[SourceVersionDate "2012.06.22"]
[SourceQuality "1"]

1. d4 d5 2. c4 Bf5 3. cxd5 Bxb1 4. Qa4+ c6 5. Rxb1 Qxd5 6. Nf3 Nd7 7. b4 Ngf6 8. e3 Ne4 9. Qc2 Nd6 10. Bd3 Nf6 11. 0-0 e6 12. Nd2 Nd7 13. Bb2 Be7 14. e4 Qh5 15. f4 0-0 16. Rf3 f5 17. exf5 exf5 18. Rh3 Qf7 19. Nc4 Nb6 20. Ne5 Qxa2 21. Qe2 Nd5 22. Ra1 Qb3 23. Bxf5 Nxf4 24. Bxh7+ Kh8 25. Ng6+ 1-0

[Event "Rheinland Pfalz op 4th"]
[Site "Altenkirchen"]
[Date "2012.06.07"]
[Round "2"]
[White "Mueller, Georg"]
[Black "Teske, Henrik"]
[Result "0-1"]
[WhiteElo "2054"]
[BlackElo "2534"]
[PlyCount "28"]
[EventDate "2012.06.07"]
[EventType "swiss"]
[EventRounds "7"]
[EventCountry "GER"]
[SourceTitle "CBM 148 Extra"]
[Source "ChessBase"]
[SourceDate "2012.06.22"]
[SourceVersion "1"]
[SourceVersionDate "2012.06.22"]
[SourceQuality "1"]

1. e4 c5 2. Nf3 g6 3. d4 cxd4 4. Nxd4 Bg7 5. Be3 Nf6 6. Nc3 0-0 7. f3 Nc6 8. Qd2 d5 9. exd5 Nxd5 10. Nxc6 bxc6 11. 0-0-0 Bxc3 12. bxc3 Qa5 13. Kb2 Rb8+ 14. Ka1 Qa3 0-1

[Event "Bayernliga U20 1112"]
[Site "Bayern"]
[Date "2012.01.21"]
[Round "4.5"]
[White "Mueller, Georg"]
[Black "Kellner, Christian"]
[Result "1-0"]
[WhiteElo "1687"]
[BlackElo "1665"]
[PlyCount "114"]
[EventDate "2011.11.12"]
[EventType "team-swiss"]
[EventRounds "7"]
[EventCountry "GER"]
[SourceTitle "EXT 2022"]
[Source "ChessBase"]
[SourceDate "2021.10.06"]
[SourceVersion "1"]
[SourceVersionDate "2021.10.06"]
[SourceQuality "1"]
[WhiteTeam "Klosterlechfeld U20"]
[BlackTeam "Kelheim SK U20"]
[WhiteTeamCountry "GER"]
[BlackTeamCountry "GER"]

1. d4 d6 2. Bg5 Nf6 3. e3 Nbd7 4. Nf3 g6 5. Nbd2 Bg7 6. Bd3 c5 7. c3 0-0 8. 0-0 a6 9. Rc1 b5 10. Bh4 c4 11. Bb1 e5 12. b3 cxb3 13. axb3 Bb7 14. e4 Qb6 15. d5 Nc5 16. Ne1 Rac8 17. Kh1 Nh5 18. f3 Bh6 19. Bf2 Qd8 20. Nd3 Nxd3 21. Bxd3 Qg5 22. Nb1 Qxc1 23. Qxc1 Bxc1 24. Rxc1 f5 25. Bh4 Rf7 26. Nd2 Nf6 27. c4 f4 28. Bf2 Nd7 29. Rb1 Nc5 30. Be2 Rfc7 31. Kg1 b4 32. Ra1 Ra8 33. Ra5 Bc8 34. h3 Nb7 35. Ra2 a5 36. Bb6 Rd7 37. c5 Nxc5 38. Bxc5 dxc5 39. Nc4 Rg7 40. Nb6 Rb8 41. Nxc8 Rxc8 42. Rxa5 Rgc7 43. Bc4 Kf8 44. Kf2 Rb8 45. g3 fxg3+ 46. Kxg3 Ke7 47. Ra6 Rd7 48. Re6+ Kd8 49. Rxe5 Re7 50. Rg5 Kd7 51. Kf2 Kd6 52. Ke3 Rbe8 53. Rg2 Rf8 54. f4 Ref7 55. e5+ Kc7 56. d6+ Kc6 57. Bxf7 Rxf7 1-0

[Event "Landesliga U20 Sued 1011"]
[Site "Bayern"]
[Date "2011.01.22"]
[Round "4.4"]
[White "Peutler, Mario"]
[Black "Mueller, Georg"]
[Result "1/2-1/2"]
[WhiteElo "1689"]
[BlackElo "1663"]
[PlyCount "61"]
[EventDate "2010.10.16"]
[EventType "team-tourn"]
[EventRounds "7"]
[EventCountry "GER"]
[SourceTitle "EXT 2022"]
[Source "ChessBase"]
[SourceDate "2021.10.06"]
[SourceVersion "1"]
[SourceVersionDate "2021.10.06"]
[SourceQuality "1"]
[WhiteTeam "Kareth Lappersdorf U20"]
[BlackTeam "Klosterlechfeld U20"]
[WhiteTeamCountry "GER"]
[BlackTeamCountry "GER"]

1. c4 Nf6 2. Nc3 g6 3. g3 Bg7 4. Bg2 c6 5. d3 d6 6. Nf3 0-0 7. 0-0 Ne8 8. Rb1 e5 9. Bd2 f5 10. e3 Nd7 11. b4 Rb8 12. Qb3 Kh8 13. b5 c5 14. a4 Nef6 15. Ng5 Qe7 16. a5 h6 17. Nh3 Kh7 18. e4 fxe4 19. dxe4 Rd8 20. Rfd1 Nf8 21. Be3 Ne6 22. f3 Nd4 23. Bxd4 exd4 24. Nd5 Nxd5 25. cxd5 Bd7 26. Bf1 Rf8 27. Kg2 g5 28. Be2 Kh8 29. Qc2 Rbe8 30. Rf1 Bc8 31. Bd3 1/2-1/2

[Event "Schwaben-chD"]
[Site "Germany"]
[Date "2009.02.27"]
[Round "4"]
[White "Mueller, Georg"]
[Black "Stuhler, Kilian"]
[Result "1/2-1/2"]
[WhiteElo "2054"]
[BlackElo "1643"]
[PlyCount "49"]
[EventDate "2009.02.25"]
[EventType "swiss"]
[EventRounds "7"]
[EventCountry "GER"]
[SourceTitle "EXT 2012"]
[Source "ChessBase"]
[SourceDate "2011.11.24"]
[SourceVersion "1"]
[SourceVersionDate "2011.11.24"]
[SourceQuality "1"]

1. d4 d5 2. Bf4 Nf6 3. Nf3 e6 4. e3 Be7 5. Bd3 Nbd7 6. Nbd2 b6 7. c3 Bb7 8. Ne5 0-0 9. 0-0 Rc8 10. Ndf3 c5 11. Qd2 c4 12. Bc2 b5 13. Nxd7 Nxd7 14. Rad1 a5 15. Qc1 b4 16. Qb1 Nf6 17. Be5 h6 18. Bxf6 Bxf6 19. e4 Rb8 20. e5 Be7 21. Qc1 Ba6 22. Bb1 Qd7 23. Qc2 g6 24. Qd2 Kg7 25. Rfe1 1/2-1/2

[Event "Schwaben-chD"]
[Site "Germany"]
[Date "2007.??.??"]
[Round "3"]
[White "Mueller, Georg"]
[Black "Schmid, Andreas"]
[Result "0-1"]
[WhiteElo "2054"]
[BlackElo "1953"]
[PlyCount "92"]
[EventDate "2007.02.20"]
[EventType "swiss"]
[EventRounds "7"]
[EventCountry "GER"]
[SourceTitle "EXT 2012"]
[Source "ChessBase"]
[SourceDate "2011.11.24"]
[SourceVersion "1"]
[SourceVersionDate "2011.11.24"]
[SourceQuality "1"]

1. e4 Nf6 2. Nc3 e5 3. Nf3 Nc6 4. d4 d6 5. Bb5 exd4 6. Nxd4 Bd7 7. 0-0 Ne5 8. Bxd7+ Qxd7 9. f4 Nc6 10. Be3 Ng4 11. Qf3 Nxe3 12. Qxe3 g6 13. Nd5 Bg7 14. c3 Nxd4 15. cxd4 c6 16. Nc3 0-0 17. f5 Qe7 18. f6 Bxf6 19. Rf3 Bg7 20. Re1 Rae8 21. b4 b6 22. Rc1 f5 23. b5 c5 24. dxc5 dxc5 25. Nd5 Qxe4 26. Qb3 Bd4+ 27. Rf2 Bxf2+ 28. Kxf2 Qd4+ 29. Kf1 Kg7 30. Rd1 Qe5 31. Nc3 Qe6 32. Qb2 Qc4+ 33. Kg1 Kf7 34. Rd7+ Re7 35. Qd2 Rxd7 36. Qxd7+ Kg8 37. Nd5 Qd4+ 38. Kf1 Qg7 39. Ne7+ Kh8 40. Qxa7 Re8 41. Nc6 Qa1+ 42. Kf2 Qb2+ 43. Kg3 Qc3+ 44. Kh4 Re4+ 45. Kg5 Rg4+ 46. Kh6 Qe3# 0-1

[Event "GER-ch U10"]
[Site "Willingen"]
[Date "2006.06.05"]
[Round "4"]
[White "Schreiber, Kevin"]
[Black "Mueller, Georg"]
[Result "0-1"]
[WhiteElo "1156"]
[BlackElo "1402"]
[PlyCount "84"]
[EventDate "2006.06.04"]
[EventType "swiss"]
[EventRounds "11"]
[EventCountry "GER"]
[SourceTitle "EXT 2007"]
[Source "ChessBase"]
[SourceDate "2006.11.23"]
[SourceVersion "1"]
[SourceVersionDate "2006.11.23"]
[SourceQuality "1"]

1. d4 d5 2. Nf3 e6 3. e3 Bd6 4. Bd3 f5 5. 0-0 Nf6 6. Ne5 Nbd7 7. f4 0-0 8. Qf3 Ne4 9. Qh5 Rf6 10. Nd2 Rh6 11. Qe2 Ndf6 12. Ndf3 Bd7 13. Bd2 Ng4 14. h3 Ngf6 15. Ng5 Be8 16. Nxe6 Qe7 17. Ng5 Ng3 18. Qf2 Nxf1 19. Rxf1 Ne4 20. Bxe4 fxe4 21. c4 c6 22. c5 Bxe5 23. fxe5 Bg6 24. Qf4 Rf8 25. Qxf8+ Qxf8 26. Rxf8+ Kxf8 27. g4 Be8 28. Be1 Rg6 29. h4 h6 30. Nh3 Rxg4+ 31. Kh2 b6 32. cxb6 axb6 33. Bb4+ Kf7 34. Be1 c5 35. Bg3 cxd4 36. exd4 e3 37. Nf4 Bc6 38. Kg2 g5 39. Ne2 gxh4 40. Kf3 h5 41. Bh2 Bb5 42. Nc3 e2 0-1

[Event "Sachsen-ch int U08"]
[Site "Sebnitz"]
[Date "2004.10.22"]
[Round "9.2"]
[White "Mueller, Georg"]
[Black "Bluebaum, Matthias"]
[Result "0-1"]
[WhiteElo "1100"]
[BlackElo "796"]
[PlyCount "78"]
[EventDate "2004.10.??"]
[EventType "swiss"]
[EventRounds "9"]
[EventCountry "GER"]
[SourceTitle "EXT 2006"]
[Source "ChessBase"]
[SourceDate "2005.11.24"]
[SourceVersion "1"]
[SourceVersionDate "2005.11.24"]
[SourceQuality "1"]

1. d4 Nf6 2. e3 g6 3. Nf3 Bg7 4. c4 0-0 5. Nc3 d6 6. g3 Bg4 7. Bg2 Nc6 8. 0-0 e5 9. Qd3 Re8 10. Bd2 e4 11. Nxe4 Nxe4 12. Nh4 Nxd2 13. Qxd2 Bf6 14. h3 Bd7 15. d5 Ne5 16. Qe2 Bxh4 17. gxh4 Qxh4 18. f4 Bxh3 19. fxe5 Rxe5 20. Rf4 Qg5 21. Rf3 Bg4 22. Raf1 Bxf3 23. Qxf3 Qxe3+ 24. Rf2 Qxf3 25. Bxf3 Rae8 26. Kf1 Kg7 27. b4 Re1+ 28. Kg2 R8e5 29. c5 Rg5+ 30. Kh3 Re3 31. Kh4 Rf5 32. Kg4 h5+ 33. Kg3 h4+ 34. Kg4 h3 35. cxd6 cxd6 36. a4 h2 37. Rxh2 Rexf3 38. b5 R5f4+ 39. Kg5 f6# 0-1